000 00562nam a2200205Ia 4500
005 20250508170233.0
008 008 250505s9999 xx 000 0 eng d
020 _a978-1-009-45737-8
037 _aTextual
040 _aFEDL
_beng
_cFEDL
041 _aeng
_2eng
084 _a371.26, QUI
_qFEDL
100 _aPatton Michael and others
_9783573
245 0 _aUtilization- focused evaluation
250 _a5
260 _aNew Delhi, India
_bSage
_c2022
300 _axxiv, 406p.
942 _cTEXL
_h371.26, QUI
999 _c1399970
_d1399970